| 000 | 00472nam a22001817a 4500 | ||
|---|---|---|---|
| 003 | 0 | ||
| 005 | 20250110131100.0 | ||
| 008 | 240110b xxu||||| |||| 00| 0 eng d | ||
| 020 | _a978-0-14-241033-2 | ||
| 050 |
_aFIC _bD11 2013 |
||
| 082 |
_aFIC _bD11 2013 |
||
| 100 | _aDahl, Roald | ||
| 245 |
_aDanny and the champion of the world _c Roald Dahl |
||
| 260 |
_aNew York _bPuffin Books _cc2013. |
||
| 300 |
_a205 pages ; _c20cm. |
||
| 650 | _aFiction. | ||
| 942 |
_2ddc _cBK |
||
| 999 |
_c365831 _d365831 |
||